| 000 | 00564nam a22001817a 4500 | ||
|---|---|---|---|
| 003 | BD-DhUL | ||
| 005 | 20160816162136.0 | ||
| 008 | 160816s2002 bg ||||| |||| 00| 0 ben | ||
| 040 |
_aBD-DhUL _cBD-DhUL |
||
| 082 |
_a305.4 _bSIA |
||
| 100 | 1 | _aসিং, খুশবন্ত | |
| 245 |
_aঅবিস্মরণীয় নারী / _cখুশবন্ত সিং |
||
| 260 |
_aঢাকা : _bআহমদ, _c২০০২. |
||
| 300 |
_a২০০ পৃ. ; _c২২ সে.মি. |
||
| 650 | 0 | _aনারী | |
| 650 | 0 | _aWomen | |
| 942 |
_2ddc _cBK |
||
| 999 |
_c98851 _d98851 |
||